Podivuhodný příběh Benjamina Buttona + Flákač = The curious case of Benjamin Button + The Jelly-Bean /

Uložené v:
Podrobná bibliografia
Hlavný autor: Fitzgerald, Francis Scott, 1896-1940
Médium: Zvuková nahrávka
Jazyk:Czech
English
Vydané: Brno : Computer Press, 2010.
ISBN: 9788025130933
Fyzický popis: 1 audio CD.
Tagy: Pridať tag
Žiadne tagy, Buďte prvý kto otaguje tento záznam!

MARC

LEADER 00000nim a2200000 a 4500
001 000427607
003 SVKKK
005 20130715095802.0
008 130715s2010 xr cze d
020 |a 9788025130933 
040 |a SVKKK  |b slo  |c SVKKK  |e AACR2 
041 0 |a cze  |a eng 
044 |a xr  |c CZ 
080 |a 811.111  |2 2001 
100 1 |a Fitzgerald, Francis Scott,  |d 1896-1940 
245 1 0 |a Podivuhodný příběh Benjamina Buttona + Flákač =  |b The curious case of Benjamin Button + The Jelly-Bean /  |h zvukový záznam  |c Francis Scott Fitzerald. 
246 3 1 |a Flákač 
246 3 1 |a The curious case of Benjamin Button 
246 3 1 |a The Jelly-Bean 
260 |a Brno :  |b Computer Press,  |c 2010. 
300 |a 1 audio CD. 
500 |a Pre stredne pokročilých 
910 |a svkkk 
998 |a AM 
090 |g SCKUS  |k Americké centrum  |a CDK.4710  |j 5858  |i 2720299056  |s Médiá US, BC 
924 |a AVM